000 00303nam a22001337a 4500
008 170712b xxu||||| |||| 00| 0 eng d
020 _a9780073510965
041 _aeng
080 _a038
100 _a26
101 _aFJA
245 _aMEDICAL DICTIONARY FOR ALLIED HEALTH
_cBRESKIN
942 _2udc
_cBK
999 _c20310
_d20310